000 05545cam a2201825 a 4500
003 PE-LiUPU
005 20250813165924.0
008 110627s2013 paua 001 0 eng
020 _a9781451175615
035 _a(Sirsi) i9781451175615
040 _aDNLM/DLC
_bspa
_cDLC
_dDLC
_dPE-LiUPU
_erda
050 0 0 _aQM557
_b.F5513 2013
060 1 0 _aQS 517
082 0 4 _a611.018
_bE77
_223
100 1 _aEroschenko, Victor P.,
_eautor.
245 1 0 _adiFiore's atlas of histology with functional correlations /
_cVictor P. Eroschenko.
250 _aTwelfth edition.
264 1 _aPhiladelphia :
_bWolters Kluwer Health/Lippincott Williams & Wilkins,
_c2013.
300 _axx, 603 páginas :
_bilustraciones ;
_c28 cm
504 _aÍndice : páginas 581-603.
505 0 _aHistologic methods -- Light and transmission electron microscopy -- Cells and the cell cycle -- Epithelial tissue -- Connective tissue -- Hematopoietic tissue -- Skeletal tissue : cartilage and bone -- Muscle tissue -- Nervous tissue -- Circulatory system -- Immune system -- Integumentary system -- Digestive system part I : oral cavity and major salivary glands -- Digestive system part II : esophagus and stomach -- Digestive system part III : small and large intestines -- Digestive system part IV : accessory digestive organs -- Respiratory system -- Urinary system -- Endocrine system -- Male reproductive system -- Female reproductive system -- Organs of special senses : visual and auditory systems.
526 _aP203
526 _aP200
526 _aSEG65
526 _aSEG64
526 _aSEG63
526 _aSEG62
526 _aSEG61
526 _aSEG60
526 _aSEG59
526 _aSEG58
526 _aSEG57
526 _aSEG56
526 _aSEG55
526 _aSEG54
526 _aSEG53
526 _aSEG52
526 _aSEG51
526 _aSEG50
526 _aSEG49
526 _aSEG48
526 _aSEG47
526 _aSEG46
526 _aSEG24
526 _aSEG23
526 _aSEG22
526 _aSEG21
526 _aSEG20
526 _aSEG19
526 _aSEG18
526 _aSEG17
526 _aSEG16
526 _aSEG14
526 _aSEG13
526 _aSEG12
526 _aSEG11
526 _aSEG10
526 _aSEG09
526 _aSEG06
526 _aSEG05
526 _aSEG04
526 _aSEG03
526 _aSEG02
526 _aSEG68
526 _aSEG66
526 _aSEG45
526 _aSEG25
526 _aSEG01
526 _aP163
526 _aP162
526 _aP161
526 _aP160
526 _aP159
526 _aP158
526 _aP157
526 _aP156
526 _aP155
526 _aP154
526 _aP153
526 _aP152
526 _aP151
526 _aP150
526 _aP149
526 _aP142
526 _aP141
526 _aP140
526 _aP139
526 _aP138
526 _aP137
526 _aP132
526 _aP131
526 _aP130
526 _aP126
526 _aP125
526 _aP124
526 _aP123
526 _aP115
526 _aP122
526 _aP121
526 _aP116
526 _a P114
526 _aP112
526 _aP111
526 _aP104
526 _aP103
526 _aP102
526 _aP101
526 _aP100
526 _aP96
526 _aP95
526 _aP93
526 _aP92
526 _aP91
526 _aP88
526 _aP83
526 _aP82
526 _aP79
526 _aP78
526 _aP75
526 _aP74
526 _aP71
526 _aP69
526 _a P51
526 _aP49
526 _aP48
526 _aP47
526 _aP33
526 _aP31
526 _a P30
526 _aP29
526 _aP27
526 _aP26
526 _aP25
526 _aP24
526 _a P22
526 _aP10
526 _aP09
526 _a P08
526 _aP06
526 _aP05
526 _aP04
526 _aP01
541 _g001-000152;
650 1 7 _aHistología
_vAtlas.
_2embne
700 1 _aFiore, Mariano S. H. di.,
_eautor.
942 _2ddc
_cBOOK
949 _a611.018 E77
_wDEWEY
_c1
_i71875
_lCCODEBUL1
_mBUL
_p59.64
_r0
_sY
_tBOOK
_u2015-08-24
_xSALUD
_PP30
_0COMPRA
_o.CIRCNOTE. El documento es muy costoso.
_o.STAFF. Colección General
596 _a1
999 _a611.018 E76
_wDEWEY
_c55269
_i67670
_d55269
_e2018-9-23
_f2021-11-3
_g6
_lCCODEBUL1
_mBUL
_n12
_p62.00
_q4
_r0
_sY
_tBOOK
_u2015-7-6
_xSALUD
_PP30
_0COMPRA
_o.STAFF. Colección Ciencias de la Salud
999 _a611.018 E76
_wDEWEY
_c2
_i69614
_d2018-10-15
_e2017-9-14
_f2021-11-3
_g6
_lCCODEBUL1
_mBUL
_n7
_p62.00
_q3
_r0
_sY
_tBOOK
_u2015-7-6
_xSALUD
_PP30
_o.STAFF. Colección Ciencias de la Salud
999 _a611.018 E76
_wDEWEY
_c3
_i69615
_d2018-5-27
_e2018-5-23
_f2021-11-3
_g6
_lCCODEBUL1
_mBUL
_n5
_p62.00
_r0
_sY
_tBOOK
_u2015-7-6
_xSALUD
_PP30
_0COMPRA
_o.STAFF. Colección Ciencias de la Salud
999 _a611.018 E76
_wDEWEY
_c4
_i69616
_lLOST
_mBUL
_p62.00
_r1
_sN
_tBOOK
_u2015-7-6
_xSALUD
_PP30
_o.STAFF. Colección Ciencias de la Salud
999 _a611.018 E76
_wDEWEY
_c5
_i69617
_lLOST
_mBUL
_p62.00
_r1
_sN
_tBOOK
_u2015-7-6
_xSALUD
_PP30
_o.STAFF. Colección Ciencias de la Salud
999 _a611.018 E76
_wDEWEY
_c6
_i71875
_d2020-1-28
_e2017-9-20
_f2021-11-3
_g6
_lCCODEBUL1
_mBUL
_n11
_p59.64
_q3
_r0
_sY
_tBOOK
_u2015-8-24
_xSALUD
_PP30
_0COMPRA
_o.CIRCNOTE. El documento es muy costoso.
_o.STAFF. Colección Ciencias de la Salud
980 _81
_gALBERTO SANCHEZ Responsable de Automatización